| 000 -LEADER |
| fixed length control field |
00653nam a2200193Ia 4500 |
| 001 - CONTROL NUMBER |
| control field |
5692 |
| 003 - CONTROL NUMBER IDENTIFIER |
| control field |
GE_BSU |
| 008 - FIXED-LENGTH DATA ELEMENTS--GENERAL INFORMATION |
| fixed length control field |
181216s||||||||xx |||||||||||||| ||und|| |
| 040 ## - CATALOGING SOURCE |
| Transcribing agency |
GE_BSU |
| 080 ## - UNIVERSAL DECIMAL CLASSIFICATION NUMBER |
| Universal Decimal Classification number |
517(о75.8) |
| 100 ## - MAIN ENTRY--PERSONAL NAME |
| Personal name |
Михайленко, В.М. Антонюк Р. А |
| 245 ## - TITLE STATEMENT |
| Title |
Сборник прикладных задач по высшей математике Учеб. пособие для студ.инж.-строит. спец. вузов |
| 245 ## - TITLE STATEMENT |
| Statement of responsibility, etc. |
Ред. Л. П.Онищенко |
| 260 ## - PUBLICATION, DISTRIBUTION, ETC. |
| Place of publication, distribution, etc. |
Киев |
| 260 ## - PUBLICATION, DISTRIBUTION, ETC. |
| Date of publication, distribution, etc. |
1990 |
| 300 ## - PHYSICAL DESCRIPTION |
| Extent |
165стр. ил. 20 см. |
| 653 ## - INDEX TERM--UNCONTROLLED |
| Uncontrolled term |
Высшая математика |
| 942 ## - ADDED ENTRY ELEMENTS (KOHA) |
| Koha item type |
წიგნი |